Mayrig, Solann paroles - Statistiques

Statistiques générales
  • Ce quiz a été pris 26 fois
  • Le résultat moyen est 172 sur 208
Statistiques - réponses
Réponse % Correct
dans
100%
de
100%
en
100%
Je
100%
je
100%
100%
la
100%
ma
100%
un
100%
J'suis
94%
le
94%
les
94%
me
94%
pas
94%
bien
88%
C'est
88%
comme
88%
Confiance
88%
danse
88%
encore
88%
Fais-moi
88%
Maman
88%
maman,
88%
mère
88%
mes
88%
Qui
88%
T'inquiète
88%
une
88%
vais
88%
bras
82%
Et
82%
faire
82%
gamine
82%
juste
82%
Mayrig
82%
ou
82%
plus
82%
quoi
82%
tous
82%
du
76%
mains
76%
malsain
76%
penchant
76%
peu
76%
sais
76%
j'ai
71%
sens
71%
sens,
71%
aux
65%
genoux
65%
idées
65%
j'continue
65%
lave
65%
Mais
65%
mais
65%
ni
65%
noir
65%
pieds
65%
poussière
65%
Prenez
65%
quand
65%
stupides
65%
vers
65%
vide
65%
yeux
65%
bas,
59%
demain
59%
écouteurs,
59%
Grâce
59%
gueule
59%
Indemne
59%
loup
59%
pansement
59%
presque,
59%
que
59%
tire
59%
toute
59%
vain
59%
connu
53%
fort
53%
J'sortirai
53%
neuve
53%
perds
53%
serai
53%
blanche,
47%
frotte
47%
j'nettoie
47%
Patte
47%
vue
47%
tant
41%
J'éloigne
18%
basses
12%
Aucun quiz correspondant
Distribution des résultats
% des personnes avec chaque résultat
Percentile par nombre de réponses
Votre historique - résultats
Vous n’avez pas pris ce quiz